Sermones del Ilmo. señor Don Juan Bautista Masillo, Presbytero de la Congregacion del Oratorio, uno de los quarenta de la Academia Francesa, y Obispo de Clermont (Record no. 8674)
[ view plain ]
| 000 -CABECERA | |
|---|---|
| campo de control de longitud fija | 01169nam a2200253 a 4500 |
| 001 - NÚMERO DE CONTROL | |
| campo de control | BRCA_9023 |
| 005 - FECHA Y HORA DE LA ÚLTIMA TRANSACCIÓN | |
| campo de control | 20190320210510.0 |
| 008 - DATOS DE LONGITUD FIJA--INFORMACIÓN GENERAL | |
| campo de control de longitud fija | 250717s1775----sp-ab#####---#000-0#spa-# |
| 041 ## - CÓDIGO DE LENGUA | |
| Código de lengua del texto/banda sonora o título independiente | spa |
| 044 ## - CÓDIGO DEL PAÍS DE LA ENTIDAD EDITORA/PRODUCTORA | |
| Código MARC del país | sp |
| 084 ## - OTRO NÚMERO DE CLASIFICACIÓN | |
| Número de clasificación | LE27 |
| Número de documento/Ítem | .M37 1775 |
| 100 1# - ENTRADA PRINCIPAL--NOMBRE DE PERSONA | |
| Nombre de persona | Masillon, Juan Bautista |
| 9 (RLIN) | 21887 |
| 245 10 - MENCIÓN DE TÍTULO | |
| Título | Sermones del Ilmo. señor Don Juan Bautista Masillo, Presbytero de la Congregacion del Oratorio, uno de los quarenta de la Academia Francesa, y Obispo de Clermont |
| Mención de responsabilidad, etc. | traducido al español por el P. D. Pedro Diaz de Guereña, de la Congregacion de Clerios Reglares de San Cayetano. |
| 260 ## - PUBLICACIÓN, DISTRIBUCIÓN, ETC. | |
| Lugar de publicación, distribución, etc. | Madrid |
| Nombre del editor, distribuidor, etc. | En la Oficina de Pedro Marin |
| Fecha de publicación, distribución, etc. | 1775 |
| 300 ## - DESCRIPCIÓN FÍSICA | |
| Extensión | 248 p. (t.10) |
| Dimensiones | 21 x 15.2 cm |
| 500 ## - NOTA GENERAL | |
| Nota general | Con privilegio para toda la obra |
| 500 ## - NOTA GENERAL | |
| Nota general | En portada: Se hallará en la Librería de Juan de Llera, Plazuela del Angel, junto á la Neveria, y en la Porteria de San Cayetano |
| 500 ## - NOTA GENERAL | |
| Nota general | En portada: Quaresma predicada a Luis XV. y á su Corte, &c. |
| 500 ## - NOTA GENERAL | |
| Nota general | Estado físico: presenta encuadernación en pergamino |
| 650 14 - PUNTO DE ACCESO ADICIONAL DE MATERIA--TÉRMINO DE MATERIA | |
| Término de materia o nombre geográfico como elemento de entrada | Sermones |
| Subdivisión cronológica | Obras anteriores a 1800 |
| 9 (RLIN) | 21369 |
| 700 1# - PUNTO DE ACCESO ADICIONAL--NOMBRE DE PERSONA | |
| Nombre de persona | Diaz de Guereña, Pedro |
| Término indicativo de función/relación | tr. |
| 9 (RLIN) | 22378 |
| 902 ## - CATALOGADOR | |
| Iniciales | CFM |
| 942 ## - ELEMENTOS DE PUNTO DE ACCESO ADICIONAL (KOHA) | |
| Fuente del sistema de clasificación o colocación | Library of Congress Classification |
| Tipo de ítem Koha | Libros |
| Estado de retiro | Estado de pérdida | Estado dañado | No para préstamo | Localización permanente | Ubicación/localización actual | Fecha de adquisición | Total de préstamos | Signatura topográfica completa | Código de barras | Fecha visto por última vez | Precio válido a partir de | Tipo de ítem Koha |
|---|---|---|---|---|---|---|---|---|---|---|---|---|
| El ejemplar forma parte de la colección y puede ser consultado según las políticas vigentes. | Biblioteca del Museo Franz Mayer (Rogerio Casas-Alatriste) | Biblioteca del Museo Franz Mayer (Rogerio Casas-Alatriste) | 25/07/2017 | LE27 .M37 1775 | CFM00398 | 22/03/2019 | 22/03/2019 | Libros |